<?xml version="1.0" encoding="UTF-8"?><?xml-stylesheet type="text/xsl" href="static/style.xsl"?><OAI-PMH xmlns="http://www.openarchives.org/OAI/2.0/" xmlns:xsi="http://www.w3.org/2001/XMLSchema-instance" xsi:schemaLocation="http://www.openarchives.org/OAI/2.0/ http://www.openarchives.org/OAI/2.0/OAI-PMH.xsd"><responseDate>2026-04-17T02:51:00Z</responseDate><request verb="GetRecord" identifier="oai:www.recercat.cat:2117/399669" metadataPrefix="marc">https://recercat.cat/oai/request</request><GetRecord><record><header><identifier>oai:recercat.cat:2117/399669</identifier><datestamp>2025-07-23T02:36:51Z</datestamp><setSpec>com_2072_1033</setSpec><setSpec>col_2072_452951</setSpec></header><metadata><record xmlns="http://www.loc.gov/MARC21/slim" xmlns:dcterms="http://purl.org/dc/terms/" xmlns:xsi="http://www.w3.org/2001/XMLSchema-instance" xmlns:doc="http://www.lyncode.com/xoai" xsi:schemaLocation="http://www.loc.gov/MARC21/slim http://www.loc.gov/standards/marcxml/schema/MARC21slim.xsd">
   <leader>00925njm 22002777a 4500</leader>
   <datafield ind2=" " ind1=" " tag="042">
      <subfield code="a">dc</subfield>
   </datafield>
   <datafield ind2=" " ind1=" " tag="720">
      <subfield code="a">Charneco Luzón, Joan</subfield>
      <subfield code="e">author</subfield>
   </datafield>
   <datafield ind2=" " ind1=" " tag="260">
      <subfield code="c">2023-10-09</subfield>
   </datafield>
   <datafield ind2=" " ind1=" " tag="520">
      <subfield code="a">El present projecte proposa analitzar les capacitats d’un aleró lateral d’una motocicleta dissenyat per&#xd;
a treballar en condicions de competició o d’alt rendiment mecànic. La virtut d’aquest component és&#xd;
la seva creació mitjançant tecnologies de fabricació additiva amb mètodes i medis accessibles.&#xd;
Per dur a terme l’anterior, se segueix un procediment de recerca de materials d’impressió per mitjà&#xd;
del modelat per deposició fosa per conèixer i avaluar les propietats d’aquests, determinant un&#xd;
candidat que ofereix unes característiques òptimes per suportar les condicions de contorn adverses&#xd;
que suposen les altes velocitats.&#xd;
S’estructura un aleró que consta d’un perfil alar adient per generar les forces que permeten a les&#xd;
motocicletes augmentar la seva càrrega aerodinàmica en termes de sustentació per facilitar&#xd;
l’assoliment d’altes velocitats en el mínim temps possible. Aquest perfil se li adapta la geometria per&#xd;
tal de poder complir amb les normatives que se li requereixen per ser completament legal i funcional.&#xd;
Seguidament, es realitzen estudis mecànics sobre la peça que comporten diverses anàlisis de&#xd;
dinàmica de fluids computacional i anàlisis de tensions, càlculs que son corroborats mitjançant&#xd;
proves experimentals en el túnel de vent que finalment determinen l’èxit de la viabilitat funcional de&#xd;
l’aleró.&#xd;
En última instància s’examina el potencial del disseny valorant la seva implementació i d’altres&#xd;
possibles opcions d’aplicació dins de l’àmbit del motociclisme donada la versatilitat que ofereix la&#xd;
metodologia emprada.</subfield>
   </datafield>
   <datafield ind2=" " ind1=" " tag="520">
      <subfield code="a">Este proyecto propone analizar las capacidades de un alerón lateral de una motocicleta diseñado&#xd;
para trabajar en condiciones de competición o de alto rendimiento mecánico. La virtud de este&#xd;
componente es su creación mediante tecnologías de fabricación aditiva con métodos y medios&#xd;
accesibles.&#xd;
Para llevar a cabo lo anterior, se sigue un procedimiento de búsqueda de materiales de impresión&#xd;
mediante el modelado por deposición fundida para conocer y evaluar las propiedades de éstos,&#xd;
determinando un candidato que ofrece unas características óptimas para soportar las condiciones de&#xd;
contorno adversas que suponen las altas velocidades.&#xd;
Se estructura un alerón que consta de un perfil alar adecuado para generar las fuerzas que permiten&#xd;
a las motocicletas aumentar su carga aerodinámica en términos de sustentación para facilitar la&#xd;
consecución de altas velocidades en el mínimo tiempo posible. A este perfil se le adapta la geometría&#xd;
para poder cumplir con las normativas que se le requieren para ser completamente legal y funcional.&#xd;
Seguidamente se realizan estudios mecánicos sobre la pieza que conllevan varios análisis de dinámica&#xd;
de fluidos computacional y análisis de tensiones, cálculos que son corroborados mediante pruebas&#xd;
experimentales en el túnel de viento que finalmente determinan el éxito de la viabilidad funcional del&#xd;
alerón.&#xd;
En última instancia se examina el potencial del diseño valorando su implementación y otras posibles&#xd;
opciones de aplicación dentro del ámbito del motociclismo dada la versatilidad que ofrece la&#xd;
metodología utilizada.</subfield>
   </datafield>
   <datafield ind2=" " ind1=" " tag="520">
      <subfield code="a">This project proposes to analyse the capabilities of a motorcycle side spoiler designed to work in&#xd;
competition or high mechanical performance conditions. The virtue of this component is its creation&#xd;
through additive manufacturing technologies with accessible methods and means.&#xd;
To carry out the above, a procedure is followed to search for printing materials by means of fused&#xd;
deposition modelling to know and evaluate their properties, determining a candidate that offers&#xd;
optimal characteristics to support the contour conditions adverse effects of high speeds.&#xd;
A spoiler is structured that consists of a suitable wing profile to generate the forces that allow&#xd;
motorcycles to increase their aerodynamic load in terms of lift to facilitate the achievement of high&#xd;
speeds in the minimum possible time. This profile adapts its geometry to be able to comply with the&#xd;
regulations required to be completely legal and functional.&#xd;
Next, mechanical studies are carried out on the piece that involve several computational fluid&#xd;
dynamics and stress analyses, calculations that are corroborated through experimental tests in the&#xd;
wind tunnel that ultimately determine the success of the functional viability of the spoiler.&#xd;
Ultimately, the potential of the design is examined by assessing its implementation and other&#xd;
possible application options within the field of motorcycling given the versatility offered by the&#xd;
methodology used.</subfield>
   </datafield>
   <datafield tag="653" ind2=" " ind1=" ">
      <subfield code="a">Àrees temàtiques de la UPC::Enginyeria mecànica</subfield>
   </datafield>
   <datafield tag="653" ind2=" " ind1=" ">
      <subfield code="a">Motorcycles -- Aerodynamics</subfield>
   </datafield>
   <datafield tag="653" ind2=" " ind1=" ">
      <subfield code="a">Aerodinàmica</subfield>
   </datafield>
   <datafield tag="653" ind2=" " ind1=" ">
      <subfield code="a">CFD</subfield>
   </datafield>
   <datafield tag="653" ind2=" " ind1=" ">
      <subfield code="a">aleró</subfield>
   </datafield>
   <datafield tag="653" ind2=" " ind1=" ">
      <subfield code="a">fabricacó additiva</subfield>
   </datafield>
   <datafield tag="653" ind2=" " ind1=" ">
      <subfield code="a">CAD</subfield>
   </datafield>
   <datafield tag="653" ind2=" " ind1=" ">
      <subfield code="a">elements finits</subfield>
   </datafield>
   <datafield tag="653" ind2=" " ind1=" ">
      <subfield code="a">anàlisi tensional</subfield>
   </datafield>
   <datafield tag="653" ind2=" " ind1=" ">
      <subfield code="a">Motocicletes de competició -- Aerodinàmica</subfield>
   </datafield>
   <datafield ind2="0" ind1="0" tag="245">
      <subfield code="a">Anàlisi de les capacitats d'un aleró lateral imprimible en 3D</subfield>
   </datafield>
</record></metadata></record></GetRecord></OAI-PMH>